| 000 | 01899nam a2200433 a 4500 | ||
|---|---|---|---|
| 001 | 00003862 | ||
| 003 | DO-SdBNP | ||
| 005 | 20180306090107.0 | ||
| 007 | 00003862 | ||
| 008 | 110712s2013 dr ac 000 0 spa d | ||
| 020 | _a9789945495321 | ||
| 040 |
_aBPMSU _bspa _cBPMSU |
||
| 082 | 0 | 4 |
_a372.6561 _bB862L 2do. 2013 |
| 100 | 1 | _aBrito, Ilda | |
| 245 | 1 | 0 |
_aLengua española 2 : _b[educación básica] / _crevisada y actualizada Ilda, Brito, Karolyn Guzmán ; producción editorial María del Jesús de la Rosa ; ilustración Ramón Sandoval. |
| 260 |
_aSanto Domingo : _bActualidad Escolar 2000. _c2013. |
||
| 300 |
_a2v. : _bil., retrs. ; _c28 cm. |
||
| 500 | _aSegundo grado. Primer ciclo educación media | ||
| 500 | _aTexto original fue elaborado por Fiume Gómez | ||
| 500 | _aEdición revisada y actualizada al 2013 | ||
| 500 | _aIncluye el libro del maestro. | ||
| 504 | _aBibliografía : p. 176 | ||
| 505 | 0 |
_gUnidad 1 -- _tDe regreso a la escuela -- _gUnidad 2 -- _tMedio ambiente -- _gUnidad 3 -- _tEl gato con botas -- _gUnidad 4 -- _tLa lagartija preocupada -- _gUnidad 5 -- _tDescubro mi entorno -- _gUnidad 6 -- _tConoce tu pasado -- _gUnidad 7 -- _tExpresa tus ideas -- _gUnidad 8 -- _tLa bobina maravillosa -- |
|
| 650 | 4 |
_aESPAÑOL _xENSEÑANZA BÁSICA |
|
| 650 | 4 |
_aEDUCACIÓN PRIMARIA _zREPÚBLICA DOMINICANA |
|
| 650 | 4 |
_aESPAÑOL _xESTUDIOS Y EJERCIOS |
|
| 650 | 4 |
_aESPAÑOL _xEDUCACIÓN PRIMARIA |
|
| 650 | 4 |
_aESPAÑOL _xLIBROS DE TEXTOS |
|
| 700 | 1 | _aGuzmán, Karolyn | |
| 700 | 1 |
_aRosa, María del Jesús de la, _eed. |
|
| 700 | 1 |
_aSandoval, Ramón, _eil. |
|
| 700 | 1 |
_aGómez, Fiume _tLengua spañola 2 |
|
| 700 | 1 | 2 |
_aFung, Wi-Hen, _eil. |
| 910 | _aValidado. Control de calidad MFF | ||
| 942 |
_2ddc _cBK |
||
| 945 | _aremanejado para la BNPHU / 2018 VM | ||
| 956 |
_aVMATEO _b10 _c20150813 _lBPMSU _h00151 |
||
| 956 |
_aLOPEREZ _b10 _c20160414 _lBPMSU _h00041 |
||
| 999 |
_c9771 _d9771 |
||